000 00724nam a2200205Ia 4500
001 17102
003 GE_BSU
008 181216s||||||||xx |||||||||||||| ||und||
040 _cGE_BSU
080 _a821.353.1-32+ 821.353.1-343
100 _aასათიანი, მამია
245 _aმოთხრობები, ლეგენდები, ჩანაწერები
245 _cრედ.შ.მირცხულავა
260 _aთბილისი
260 _bსაბჭ. საქართველო
260 _c1975
300 _a526გვ. ; 20სმ
653 _aმოთხრობები, ლეგენდები, ჩანაწერები
942 _cBK
999 _c50164
_d50164